| 000 | 00361nas a22001213u 4500 | ||
|---|---|---|---|
| 022 | _a1020-458X | ||
| 040 | _cWaSeSS | ||
| 245 | 1 | 0 | _aForest Products = Forest Products |
| 260 |
_a[S.l.] : _b[s.n.] |
||
| 500 | _aTitle from content provider. | ||
| 856 | 4 | 0 | _uhttp://MY2VS8LV9P.search.serialssolutions.com/?V=1.0&L=MY2VS8LV9P&S=JCs&C=JC_022514882&T=marc |
| 942 | _cEK | ||
| 999 |
_c11877 _d11877 |
||